| 000 | 00926nam a22002417a 4500 | ||
|---|---|---|---|
| 001 | 113783 | ||
| 003 | DR-UNIBE | ||
| 005 | 20250701130754.0 | ||
| 008 | 250625b2018 dr ||||| |||| 00| 0 spa d | ||
| 040 |
_aBIBLIOTECA UNIBE _bspa _cBIBLIOTECA UNIBE _erda |
||
| 041 | _aspa | ||
| 082 | _aF-RD 5976 | ||
| 245 | 0 | 0 |
_aMediación como una estrategia de resolución de conflictos en el centro educativo para el desarrollo de una cultura de paz : _bguía de apoyo para estudiantes mediadores de pares |
| 260 |
_aSanto Domingo : _bFondo de las Naciones Unidas para la Infancia (UNICEF), _c2018 |
||
| 300 | _a41 páginas | ||
| 650 | 7 |
_aEstudiantes _vGuías _9196853 |
|
| 653 | _aMediadores | ||
| 653 | _aMediación entre iguales | ||
| 700 | 1 |
_aPérez Jiménez, Minerva R. _ecoordinador _915376 |
|
| 700 | 1 |
_aGómez, Victor _ecorrector _9196850 |
|
| 700 | 1 |
_aDe Marchena Pujols, Carmen Rosa _ediseñador _9196851 |
|
| 942 |
_2ddc _cMX |
||
| 999 |
_c113783 _d113783 |
||